La Sarthe en Images - Statistiques

Statistiques générales
  • Ce quiz a été pris 17 fois
  • Le résultat moyen est 9 sur 18
Statistiques - réponses
Par images Hint Réponse % Correct
Préfecture Le Mans
100%
Évènement sportif Les 24h du Mans
100%
Spécialité Les Rillettes du Mans
100%
Zoo Zoo de la Flèche
88%
Tennisman Jo-Wilfried Tsonga
75%
Ancienne province Maine
75%
Chanteur Emmanuel Moire
63%
Marque Loué
63%
Sous-préfecture Mamers
56%
Relief montagneux Alpes Mancelles
44%
Gâteau Sablé
44%
Abbaye Abbaye de l'Epau
19%
La Venise de l'Ouest La Ferté-Bernard
19%
Cité médiévale et royale Cité Plantagenêt
13%
Roi d'Angleterre Henri II d'Angleterre
6%
Vin Jasnière
6%
Forêt Forêt de Bercé
0%
Vestige Romain Site archéologique d'Aubigné-Racan
0%
Aucun quiz correspondant
Distribution des résultats
% des personnes avec chaque résultat
Percentile par nombre de réponses
Votre historique - résultats
Vous n’avez pas pris ce quiz